<?xml version="1.0" encoding="UTF-8"?><?xml-stylesheet type="text/xsl" href="static/style.xsl"?><OAI-PMH xmlns="http://www.openarchives.org/OAI/2.0/" xmlns:xsi="http://www.w3.org/2001/XMLSchema-instance" xsi:schemaLocation="http://www.openarchives.org/OAI/2.0/ http://www.openarchives.org/OAI/2.0/OAI-PMH.xsd"><responseDate>2026-04-13T01:39:41Z</responseDate><request verb="GetRecord" identifier="oai:www.recercat.cat:2445/134678" metadataPrefix="marc">https://recercat.cat/oai/request</request><GetRecord><record><header><identifier>oai:recercat.cat:2445/134678</identifier><datestamp>2025-12-04T19:30:08Z</datestamp><setSpec>com_2072_1057</setSpec><setSpec>col_2072_478828</setSpec><setSpec>col_2072_478917</setSpec></header><metadata><record xmlns="http://www.loc.gov/MARC21/slim" xmlns:dcterms="http://purl.org/dc/terms/" xmlns:xsi="http://www.w3.org/2001/XMLSchema-instance" xmlns:doc="http://www.lyncode.com/xoai" xsi:schemaLocation="http://www.loc.gov/MARC21/slim http://www.loc.gov/standards/marcxml/schema/MARC21slim.xsd">
   <leader>00925njm 22002777a 4500</leader>
   <datafield ind2=" " ind1=" " tag="042">
      <subfield code="a">dc</subfield>
   </datafield>
   <datafield ind2=" " ind1=" " tag="720">
      <subfield code="a">Nualart i Torroja, Anna</subfield>
      <subfield code="e">author</subfield>
   </datafield>
   <datafield ind2=" " ind1=" " tag="720">
      <subfield code="a">Ruiz Recasens, Cristina</subfield>
      <subfield code="e">author</subfield>
   </datafield>
   <datafield ind2=" " ind1=" " tag="720">
      <subfield code="a">Oriola Folch, Marta</subfield>
      <subfield code="e">author</subfield>
   </datafield>
   <datafield ind2=" " ind1=" " tag="720">
      <subfield code="a">Campo, Gema</subfield>
      <subfield code="e">author</subfield>
   </datafield>
   <datafield ind2=" " ind1=" " tag="260">
      <subfield code="c">2019-06-06T08:28:35Z</subfield>
   </datafield>
   <datafield ind2=" " ind1=" " tag="260">
      <subfield code="c">2019-06-06T08:28:35Z</subfield>
   </datafield>
   <datafield ind2=" " ind1=" " tag="260">
      <subfield code="c">2019</subfield>
   </datafield>
   <datafield ind2=" " ind1=" " tag="520">
      <subfield code="a">Podeu consultar el document complet a: http://hdl.handle.net/2445/134258</subfield>
   </datafield>
   <datafield ind2=" " ind1=" " tag="520">
      <subfield code="a">El projecte de recerca Nanorestart, finançat per la Unió Europea mitjançant el programa de recerca&#xd;
i innovació Horizon 2020 (GA n. 646063) té diferents objectius, entre els quals el desenvolupament&#xd;
de sistemes de neteja per a diversos materials d’obres d’art contemporani que presenten reptes de&#xd;
resolució complexa. Des de la secció de Conservació-Restauració de la UB participem en el projecte&#xd;
en el Work Package 2 «New tools for cleaning» —entre altres— per valorar l’eficàcia dels nous materials&#xd;
desenvolupats en el marc del projecte, principalment els gels i alguns fluids nanoestructurats,&#xd;
en forma de microemulsions hidròfiles o lipòfiles (Baglioni et al., 2015) per a la neteja de superfícies&#xd;
d’art contemporani.&#xd;
La valoració del comportament dels nous materials s’ha fet per comparació amb altres mètodes de&#xd;
neteja coneguts i utilitzats pels conservadors-restauradors per a la neteja de superfícies pictòriques&#xd;
contemporànies, i aquells s’han analitzat sempre des del punt de vista del conservador-restaurador.&#xd;
Les proves s’han fet estudiant el comportament d’un dels estrats que generalment no es consideren&#xd;
en els estudis dels sistemes de neteja: la capa de preparació, i concretament capes de preparació&#xd;
formulades amb resines alquídiques. L’elecció de les capes de preparació alquídiques com a cas d’estudi&#xd;
està relacionada amb les tres obres del fons de la col·lecció de la Facultat de Belles Arts escollides&#xd;
per a aquest projecte (figura 1).&#xd;
En les tres obres, com és habitual en l’art modern i contemporani, la capa de preparació queda exposada&#xd;
i forma part del resultat estètic. Les tres obres presenten brutícia en forma de dipòsits de pols&#xd;
i ditades per tot el perímetre.&#xd;
La capa de preparació no té ni la composició ni el comportament d’una capa pictòrica, tant pel que&#xd;
fa a l’absorció de la brutícia com pel que fa a la resposta als tractaments de neteja, però el fet que&#xd;
quedi exposada i sigui part del resultat estètic de l’obra suposa un repte afegit a la dificultat de neteja&#xd;
de la superfície pictòrica.</subfield>
   </datafield>
   <datafield tag="653" ind2=" " ind1=" ">
      <subfield code="a">Conservació i restauració d'obres d'art</subfield>
   </datafield>
   <datafield tag="653" ind2=" " ind1=" ">
      <subfield code="a">Congressos</subfield>
   </datafield>
   <datafield tag="653" ind2=" " ind1=" ">
      <subfield code="a">Conservation and restoration of art objects</subfield>
   </datafield>
   <datafield tag="653" ind2=" " ind1=" ">
      <subfield code="a">Congresses</subfield>
   </datafield>
   <datafield ind2="0" ind1="0" tag="245">
      <subfield code="a">El projecte Nanorestart a la UB: avaluació de diferents sistemes de neteja sobre capa de preparació alquídica</subfield>
   </datafield>
</record></metadata></record></GetRecord></OAI-PMH>